<?xml version="1.0" encoding="UTF-8"?>
<record
    xmlns:xsi="http://www.w3.org/2001/XMLSchema-instance"
    xsi:schemaLocation="http://www.loc.gov/MARC21/slim http://www.loc.gov/standards/marcxml/schema/MARC21slim.xsd"
    xmlns="http://www.loc.gov/MARC21/slim">

  <leader>02197agaaa2200337   4500</leader>
  <controlfield tag="001">8782</controlfield>
  <controlfield tag="003">IT-RoPAU</controlfield>
  <controlfield tag="005">20220918181242.0</controlfield>
  <controlfield tag="007">d cvaizq</controlfield>
  <controlfield tag="008">50131s9999||||xx ||| |     ||   ||und||</controlfield>
  <datafield tag="040" ind1=" " ind2=" ">
    <subfield code="a">IT-RoPAU</subfield>
    <subfield code="c">IT-RoPAU</subfield>
  </datafield>
  <datafield tag="041" ind1=" " ind2=" ">
    <subfield code="a">ITALIANO</subfield>
  </datafield>
  <datafield tag="100" ind1=" " ind2=" ">
    <subfield code="a">Bergman Ingmar</subfield>
    <subfield code="g">Codice regista SPICS: 9304</subfield>
    <subfield code="9">34076</subfield>
  </datafield>
  <datafield tag="130" ind1=" " ind2=" ">
    <subfield code="a">SETTIMO SIGILLO (IL)</subfield>
    <subfield code="9">45910</subfield>
  </datafield>
  <datafield tag="240" ind1=" " ind2=" ">
    <subfield code="a">SJUNDE INSEGLET (DET)</subfield>
    <subfield code="g">T1261</subfield>
  </datafield>
  <datafield tag="245" ind1=" " ind2=" ">
    <subfield code="a">SETTIMO SIGILLO (IL)</subfield>
    <subfield code="c">Prodotto da: Svensk Filmindustri -- Sceneggiatura: Ingmar Bergman -- Diretto da: Bergman Ingmar</subfield>
    <subfield code="p">SETTIMO SIGILLO (IL) (Rif. Codice opera principale : G8782)</subfield>
  </datafield>
  <datafield tag="246" ind1=" " ind2=" ">
    <subfield code="a">SJUNDE INSEGLET (DET)</subfield>
  </datafield>
  <datafield tag="250" ind1=" " ind2=" ">
    <subfield code="a">Edizione Standard</subfield>
  </datafield>
  <datafield tag="260" ind1=" " ind2=" ">
    <subfield code="a">MILANO (SVEZIA)</subfield>
    <subfield code="b">AUDIOVISIVI SAN PAOLO / </subfield>
    <subfield code="g">"2000 (1&#xB0; ed.: 2000 ; Ed. Lingua Orig.: 1956)"</subfield>
  </datafield>
  <datafield tag="300" ind1=" " ind2=" ">
    <subfield code="a">DVD</subfield>
    <subfield code="b">sonoro, col.</subfield>
    <subfield code="c">101 minuti</subfield>
  </datafield>
  <datafield tag="508" ind1=" " ind2=" ">
    <subfield code="a">"Fotografia: Gunnar Fischer; Montaggio: Lennart Wallen; Musica: Nordgren Erik; Sceneggiatura: Ingmar Bergman; "</subfield>
  </datafield>
  <datafield tag="511" ind1=" " ind2=" ">
    <subfield code="a">"Bertil; Anderberg; Bibi; Andersson; Gunnar; Bjornstrand; Bengt; Ekerot; Inga; Gill"</subfield>
  </datafield>
  <datafield tag="520" ind1=" " ind2=" ">
    <subfield code="a">"ANTONIUS BLOCK, NOBILE SVEDESE, CROCIATO IN TERRA SANTA, RITORNA ORA NEL SUO PAESE. SBARCATO SULLA SPIAGGIA SVEDESE, TROVA AD ATTENDERLO LA MORTE, CHE HA SCELTO QUESTO MOMENTO PER PORTARSELO VIA. EGLI PROPONE ALLA MORTE DI GIOCARE CON LUI UNA PARTITA A SCACCHI: SARA' PRONTO A SEGUIRLA NEL MOMENTO IN CUI DOVRA' DICHIARARSI VINTO... MENU INTERATTIVO CON SOTTOTITOLI PER NON UDENTI; CAPITOLI DI SCENA: INIZIO FILM, CONFESSIONE DEL CAVALIERE, FLAGELLANTI, LOCANDA, FRAGOLE E LATTE, ULTIMA INTERPRETAZIONE DI SKAT, SUPPLIZIO DELLA STREGA, SCACCO MATTO. CONTENUTI EXTRA: SCHEDE CRITICHE DI FERNALDO DI GIAMMATTEO; NOTA TEOLOGICA DI D. BRUNO FORTE; FILMOGRAFIE ESSENZIALI DEL REGISTA E DEGLI ATTORI PRINCIPALI. FILM IN BIANCO E NERO."</subfield>
  </datafield>
  <datafield tag="538" ind1=" " ind2=" ">
    <subfield code="a">PAL, STEREO</subfield>
  </datafield>
  <datafield tag="546" ind1=" " ind2=" ">
    <subfield code="a">ITALIANO</subfield>
  </datafield>
  <datafield tag="650" ind1=" " ind2=" ">
    <subfield code="a">DRAMMATICO</subfield>
    <subfield code="e">FILMS [DVD PAL]</subfield>
    <subfield code="x">Codice MATERIA SPICS: 9960</subfield>
    <subfield code="9">34083</subfield>
  </datafield>
  <datafield tag="700" ind1=" " ind2=" ">
    <subfield code="a">Bergman Ingmar </subfield>
    <subfield code="e">(regista)</subfield>
    <subfield code="g">Codice regista SPICS: 9304</subfield>
    <subfield code="9">34076</subfield>
  </datafield>
  <datafield tag="700" ind1=" " ind2=" ">
    <subfield code="a">Bergman Ingmar </subfield>
    <subfield code="e">(soggetto)</subfield>
    <subfield code="g">Codice Soggetto SPICS: 9304</subfield>
    <subfield code="9">45911</subfield>
  </datafield>
  <datafield tag="700" ind1=" " ind2=" ">
    <subfield code="a">Nordgren Erik</subfield>
    <subfield code="e">(musica)</subfield>
    <subfield code="g">Codice Musica SPICS: 25396</subfield>
    <subfield code="9">45912</subfield>
  </datafield>
  <datafield tag="942" ind1=" " ind2=" ">
    <subfield code="c">DV</subfield>
    <subfield code="2">ddc</subfield>
  </datafield>
  <datafield tag="999" ind1=" " ind2=" ">
    <subfield code="c">106251</subfield>
    <subfield code="d">106251</subfield>
  </datafield>
  <datafield tag="952" ind1=" " ind2=" ">
    <subfield code="0">0</subfield>
    <subfield code="1">0</subfield>
    <subfield code="4">0</subfield>
    <subfield code="6">G_8782_000000000000000</subfield>
    <subfield code="7">1</subfield>
    <subfield code="a">SPICS</subfield>
    <subfield code="b">SPICS</subfield>
    <subfield code="d">2015-01-31</subfield>
    <subfield code="l">0</subfield>
    <subfield code="o">G8782</subfield>
    <subfield code="r">2015-01-31 00:00:00</subfield>
    <subfield code="w">2015-01-31</subfield>
    <subfield code="y">DV</subfield>
    <subfield code="z">Progr. Ins.: 3056 / N.Vol.:1 / Copie: 1 / Pag.:0 / Copia rara: n.d. / date import: 1.2.2015 / By Epidotti, Trombetti, Vaglietti</subfield>
  </datafield>
</record>
